Borough Quiz - Queens - Statistics

General Stats
  • This quiz has been taken 79 times
  • The average score is 11 of 18
Answer Stats
Hint Answer % Correct
Which borough is south of Queens? Brooklyn
97%
Queens is home to two airports. Name both John F. Kennedy
97%
On which island is Queens located? Long Island
95%
Queens is home to two airports. Name both LaGuardia
92%
Major League Baseball team from Queens New York Mets
92%
Which river separates Queens from Manhattan? East River
86%
Superhero from Queens; "With great power comes great responsibility" Spider-Man
78%
Which tennis tournament is held in Queens? US Open
77%
What's the name of the home field of that team? Citi Field
74%
In which neighbourhood is Queen's largest Chinatown? Flushing
58%
Which bay lies to the south of Queens? Jamaica Bay
55%
Bridge over this river, also known as 59th Street Bridge Queensboro Bridge
51%
Peninsula of Queens, which in turn lies south of this bay Rockaway
48%
Which county is north of Queens? Nassau County
42%
What is the name of the large metal globe in Queens? Unisphere
29%
Town, north of Queens, which is three times as populous as Buffalo Hempstead
28%
Who is the namesake of the borough of Queens? {Catherine} of Braganza
20%
Name any object depicted on the seal Flowers / Crown
18%
No matching quizzes found
Score Distribution
Percent of People with Each Score
Percentile by Number Answered
Your Score History
You have not taken this quiz